A decade of UV astronomy with the IUE satellite (Record no. 9734)
[ view plain ]
| 000 -LEADER | |
|---|---|
| fixed length control field | 00880nam a2200205Ia 4500 |
| 003 - CONTROL NUMBER IDENTIFIER | |
| control field | IN-BaIIA |
| 008 - FIXED-LENGTH DATA ELEMENTS--GENERAL INFORMATION | |
| fixed length control field | 211028s9999 xx 000 0 eng d |
| 020 ## - INTERNATIONAL STANDARD BOOK NUMBER | |
| International Standard Book Number | 0379-6566(ISSN) |
| 040 ## - CATALOGING SOURCE | |
| Transcribing agency | IIA Library |
| 080 ## - UNIVERSAL DECIMAL CLASSIFICATION NUMBER | |
| Universal Decimal Classification number | 52-74(082.2) |
| Item number | ESA |
| 100 ## - MAIN ENTRY--PERSONAL NAME | |
| Personal name | Rolfe, E. J. |
| 9 (RLIN) | 15553 |
| 111 ## - MAIN ENTRY--MEETING NAME | |
| Meeting name or jurisdiction name as entry element | Symposium on a Decade of UV Astronomy with the IUE Satellite |
| Location of meeting | Greenbelt, Maryland, USA |
| Date of meeting or treaty signing | 1988 Apr. 12-15 |
| 9 (RLIN) | 16467 |
| 245 #2 - TITLE STATEMENT | |
| Title | A decade of UV astronomy with the IUE satellite |
| Remainder of title | proceedings of a celebratory symposium on a decade of UV astronomy with the IUE satellite, held in Greenbelt, Maryland, USA, April 12-15, 1988 |
| Statement of responsibility, etc. | E. J. Rolfe |
| 260 ## - PUBLICATION, DISTRIBUTION, ETC. | |
| Place of publication, distribution, etc. | France |
| Name of publisher, distributor, etc. | European Space Agency |
| Date of publication, distribution, etc. | 1988 |
| 300 ## - PHYSICAL DESCRIPTION | |
| Extent | xv, 431p. |
| 490 ## - SERIES STATEMENT | |
| Series statement | ESA SP-281; v.1 |
| 650 ## - SUBJECT ADDED ENTRY--TOPICAL TERM | |
| Topical term or geographic name entry element | Astronomy and astrophysics thesaurus |
| 650 ## - SUBJECT ADDED ENTRY--TOPICAL TERM | |
| Topical term or geographic name entry element | Ultraviolet-astronomy |
| 9 (RLIN) | 6323 |
| 942 ## - ADDED ENTRY ELEMENTS (KOHA) | |
| Koha item type | Books |
| Withdrawn status | Lost status | Damaged status | Not for loan | Home library | Current library | Shelving location | Date acquired | Total Checkouts | Full call number | Barcode | Date last seen | Price effective from | Koha item type | Purchase Price |
|---|---|---|---|---|---|---|---|---|---|---|---|---|---|---|
| IIA Library-Bangalore | IIA Library-Bangalore | General Stacks | 52-74(082.2)/ ESA | 10644 | 05/11/2021 | Books | DFL 160 |